000 00376nam a2200181Ia 4500
005 20251020182556.0
008 200515s9999 xx 000 0 und d
082 _aR-MP/SENCICO/1998
110 _aSENCICO
245 0 _aMemoria 1998
260 _aLima
260 _c1998
300 _a48
650 _aLIB
650 _aMEMORIAS
650 _aPUB SENCICO
942 _cLIB
999 _c2910
_d2910